000 00702nam a2200241 a 4500
001 50517
003 BD-RJUL
005 20211209075525.0
008 160827s1964 maua b 001 0 eng d
035 _aBD-RJUL 50637
040 _aDLC
_cWSU/OCL/m.c/EUX
_beng
041 _aeng
082 _a512.7
_bLAA 1964
100 1 _aLang, Serge,
_d1927-2005.
_9151209
245 1 0 _aAlgebraic numbers /
_cSerge Lang.
260 _aReading, Mass :
_aLondon :
_bAddison-Wesley,
_c1964.
300 _aix, 163 p. :
_bill. ;
_c24 cm
504 _aIncludes bibliography.
650 0 _aAlgebraic fields.
_9151071
830 0 _aAddison-Wesley series in mathematics
_9146978
942 _2ddc
_cBK
999 _c50517
_d50517